[Event "EuChJun Boys"]
[Site "Patras GRE"]
[Date "2001.07.19"]
[Round "4"]
[White "Postny,E"]
[Black "Haznedaroglu,K"]
[Result "1-0"]
[WhiteElo "2486"]
[BlackElo "2345"]

1.d4 d5 2.c4 c6 3.Nc3 Nf6 4.Nf3 dxc4 5.a4 Bf5 6.Nh4 e6 7.Nxf5 exf5 8.e3 Bd6
9.Bxc4 O-O 10.Qf3 g6 11.h3 Re8 12.g4 f4 13.O-O Nbd7 14.exf4 Nb6 15.Bb3 Bc7
16.g5 Nh5 17.a5 Nc8 18.d5 c5 19.Ne4 Nd6 20.Nxc5 Nf5 21.d6 Qxd6 22.Nxb7 Qe7
23.Ra4 Rab8 24.Bd5 Bd6 25.Re4 Qc7 26.Rc4 Qe7 27.a6 Rbc8 28.Bc6 Nh4 29.Qd5 Rxc6
30.Qxc6 Qe2 31.Nxd6 Nf3+ 32.Qxf3 Qxf3 33.Rc3 Qe2 34.Nxe8 Qxe8 35.Be3 f6 36.Rfc1 Qe4
37.Rc8+ Kf7 38.R1c7+  1-0

[Event "Open"]
[Site "Novosibirsk RUS"]
[Date "2001.07.20"]
[Round "2"]
[White "Bocharov,D"]
[Black "Frolova,T"]
[Result "1-0"]
[WhiteElo "2385"]
[BlackElo "2200"]

1.d4 d5 2.c4 c6 3.Nf3 Nf6 4.Nc3 dxc4 5.a4 Bf5 6.Nh4 e6 7.Nxf5 exf5 8.e3 Bb4
9.Bxc4 O-O 10.O-O Qc7 11.Bd2 Bd6 12.h3 Re8 13.Bb3 f4 14.Qf3 Qb6 15.Ba2 Qxb2
16.e4 Qxd2 17.Rfd1 Qc2 18.Rac1 Qb2 19.Rb1 Qc2 20.Bb3  1-0

[Event "16th Maccabia GM"]
[Site "Tel Aviv ISR"]
[Date "2001.07.20"]
[Round "6"]
[White "Lerner,K"]
[Black "Bykhovsky,Av"]
[Result "1-0"]
[WhiteElo "2570"]
[BlackElo "2443"]

1.d4 d5 2.c4 c6 3.Nf3 Nf6 4.Nc3 dxc4 5.a4 Bf5 6.e3 e6 7.Bxc4 Bb4 8.O-O Nbd7
9.Nh4 Bg6 10.h3 O-O 11.Nxg6 hxg6 12.Qc2 Rc8 13.Rd1 Qe7 14.a5 b5 15.axb6 Nxb6
16.Ba6 Rc7 17.Bd2 Rd7 18.Nb1 c5 19.Bxb4 cxb4 20.Nd2 e5 21.Nf3 exd4 22.Nxd4 Rc7
23.Qe2 Rd8 24.Rdc1 Rxc1+ 25.Rxc1 Rd5 26.Qc2 Ne4 27.Nb3 Ng5 28.Ra1 Ne6 29.Be2 Rd7
30.Bb5 Rc7 31.Qe2 Qg5 32.Rd1 Qh5 33.Qxh5 gxh5 34.Rd2 g6 35.Kf1 Kf8 36.Ke2 Ke7
37.Na5 Kf6 38.Nb3 Ke7 39.Kd1 Kf6 40.h4 Rc8 41.g3 a5 42.Rd6 Rb8 43.Nd4 a4
44.Nc6 a3 45.bxa3 bxa3 46.Rd2 Rb7 47.Ba6 Rc7 48.Nb4 Rc5 49.Ra2 Ra5 50.Be2 Nc5
51.Nc2 Ne4 52.Ke1 Nd5 53.Rxa3 Rxa3 54.Nxa3 Nd6 55.Nc2 Kg7 56.Bf3 Nf6 57.Nd4 Nd7
58.Ke2 Kf6 59.Bd5 Ke5 60.Bc6 Nc5 61.f4+ Kf6 62.Kf3 Nf5 63.Nc2 Nb3 64.Bd5 Nc5
65.e4 Ne7 66.Bc4 Kg7 67.Ke3 Nd7 68.Nd4 Nf6 69.Nf3 Ng4+ 70.Kd4 Ng8 71.Ng5 Kf6
72.Be2 N8h6 73.Bf3 Nh2 74.Bg2 N2g4 75.Nf3 Ke7 76.Ne1  1-0

[Event "Heart of Finland Open"]
[Site "Jyvaskyla FIN"]
[Date "2001.07.21"]
[Round "7"]
[White "Johansson,Ju"]
[Black "Issakainen,A"]
[Result "1-0"]
[WhiteElo "2083"]
[BlackElo "2222"]

1.d4 d5 2.c4 c6 3.Nf3 Nf6 4.Nc3 dxc4 5.a4 Bf5 6.Nh4 e6 7.Nxf5 exf5 8.Bg5 Be7
9.e3 O-O 10.Bxc4 Nbd7 11.O-O h6 12.Bf4 Qa5 13.d5 Nb6 14.d6 Nxc4 15.dxe7 Rfe8
16.Qd4 Nxb2 17.Ne2 Qb6 18.Qc3 Rxe7 19.Rfb1 Nxa4 20.Qc2 Qc5 21.Qxa4 Rd7 22.Nd4 Nh5
23.Bg3 f4 24.Nb3 Qc2 25.Bxf4 Rad8 26.h3 a5 27.Nxa5 Qe2 28.Nxb7 Rd2 29.Rf1 Rb8
30.Bxb8  1-0

[Event "Heart of Finland Open"]
[Site "Jyvaskyla FIN"]
[Date "2001.07.21"]
[Round "8"]
[White "Lehtivaara,P"]
[Black "Fieandt,J"]
[Result "1/2-1/2"]
[WhiteElo "2322"]
[BlackElo "2190"]

1.d4 d5 2.c4 c6 3.Nf3 Nf6 4.Nc3 dxc4 5.a4 Bf5 6.Nh4 Bc8 7.e3 Bg4 8.f3 Bh5
9.Bxc4 e6 10.g3 Qa5 11.O-O Nbd7 12.Ng2 Qb4 13.Bb3 a5 14.Bd2 Qb6 15.Nf4 Bg6
16.Nxg6 hxg6 17.Ne4 Rd8 18.Qc2 Nd5 19.Rac1 Be7 20.Nf2 Bb4 21.Bxd5 exd5 22.Bc3 O-O
23.Nd3 Bd6 24.Kg2 Rfe8 25.Rce1 Nf8 26.h4 Qc7 27.Qf2 b5 28.Rh1 b4  1/2-1/2

[Event "Czech Open"]
[Site "Pardubice CZE"]
[Date "2001.07.22"]
[Round "3"]
[White "Lalic,B"]
[Black "Aliev,K"]
[Result "1-0"]
[WhiteElo "2528"]
[BlackElo "2344"]

1.d4 d5 2.c4 c6 3.Nf3 Nf6 4.Nc3 dxc4 5.a4 Bf5 6.Ne5 e6 7.f3 Bb4 8.h4 h5 9.e4 Bh7
10.Bxc4 Nbd7 11.Qb3 a5 12.Nd3 Be7 13.Be3 Nb6 14.Ne5 Nxc4 15.Nxc4 Bb4 16.O-O Qc7
17.Ne2 O-O 18.Bf4 Qd8 19.g3 Ne8 20.Ne5 Qc8 21.Rac1 Kh8 22.Be3 f6 23.Nd3 Bd6
24.Nc5 Bxc5 25.Rxc5 f5 26.e5 Nc7 27.Nf4 g6 28.Qc3 Na6 29.Rxa5 Re8 30.b3 Kg7
31.Rc1 Qd7 32.d5 cxd5 33.Rxd5 Qe7 34.Rd6 Bg8 35.Bb6 Bf7 36.Qd2 Kg8  1-0

[Event "Czech Open"]
[Site "Pardubice CZE"]
[Date "2001.07.23"]
[Round "4"]
[White "Thorfinnsson,Br"]
[Black "Hasangatin,R"]
[Result "1-0"]
[WhiteElo "2371"]
[BlackElo "2482"]

1.d4 d5 2.Nf3 Nf6 3.c4 c6 4.Nc3 dxc4 5.a4 Bf5 6.Ne5 Nbd7 7.Nxc4 Nd5 8.g3 e5
9.Bg2 Nb4 10.O-O exd4 11.Qxd4 Nc2 12.Qf4 Nxa1 13.Qxf5 Qf6 14.Qd3 Nc5 15.Qe3+ Be7
16.Ne4 Nxe4 17.Bxe4 Qe6 18.Na5 O-O 19.Bd2 b6 20.Nxc6 Bc5 21.Qd3 Rae8 22.Bf3 Nb3
23.Bc3 Rc8 24.Bd5 Qh6 25.Nxa7 Rcd8 26.e4 Be7 27.Qf3 Nd2 28.Bxd2 Qxd2 29.Nc6 Rde8
30.Ne5 Rd8 31.Bxf7+ Kh8 32.Qh5 Qh6 33.Qxh6 gxh6 34.Bd5 Rc8 35.Nc6 Bf6 36.b4 Bc3
37.f4 Ra8 38.Rc1 Bd2 39.Ra1 Ra6 40.b5 Raa8 41.Kf2 Bc3 42.Ra2 Bg7 43.Ke3 h5  1-0

[Event "EuChJun Girls"]
[Site "Patras GRE"]
[Date "2001.07.26"]
[Round "10"]
[White "Motoc,A"]
[Black "Mietzner,T"]
[Result "1/2-1/2"]
[WhiteElo "2226"]
[BlackElo "2093"]

1.d4 d5 2.c4 c6 3.Nf3 Nf6 4.Nc3 dxc4 5.a4 Bf5 6.Ne5 Nbd7 7.Nxc4 Nb6 8.e3 e6
9.f3 Bb4 10.Nxb6 Qxb6 11.e4 Bxe4 12.fxe4 Nxe4 13.Bd2 Qxd4 14.Nxe4 Qxe4+ 15.Qe2 Bxd2+
16.Kxd2 O-O-O+ 17.Kc3 Qd4+ 18.Kb3 Qb6+ 19.Kc2 Rd4 20.Rd1 Qc5+ 21.Kb1 Qf5+
22.Kc1 Qg5+ 23.Kb1 Qf5+ 24.Kc1 Qg5+ 25.Kb1 Qf5+  1/2-1/2

[Event "Keres Mem Open"]
[Site "Tallinn EST"]
[Date "2001.07.26"]
[Round "2"]
[White "Lutsko,I"]
[Black "Danilov,N"]
[Result "1-0"]
[WhiteElo "2359"]
[BlackElo "2160"]

1.d4 d5 2.c4 c6 3.Nf3 Nf6 4.Nc3 dxc4 5.a4 Bf5 6.e3 e6 7.Bxc4 Bb4 8.O-O O-O
9.Qe2 Bg6 10.Ne5 Nbd7 11.Rd1 Nxe5 12.dxe5 Nd7 13.f4 Qc7 14.Na2 Be7 15.e4 Nc5
16.Nc3 a5 17.Rf1 Qd7 18.Kh1 Kh8 19.Rd1 Qc7 20.Bd2 Rfd8 21.Be1 Rxd1 22.Rxd1 Rd8
23.Rxd8+ Qxd8 24.Bf2 Qd7 25.h3 h6 26.Kh2 Bh7 27.h4 Qc7 28.b3 f6 29.Qh5 g6
30.Qxh6 Nd7 31.exf6 Nxf6 32.Qg5 e5 33.Qxe5 Qxe5 34.fxe5 Ng4+ 35.Kg3 Nxf2
36.Kxf2 Bxh4+ 37.Ke3 Kg7 38.Ne2 Bd8 39.Nf4 Bg5 40.g3 Bg8 41.Kd4 Bxc4 42.bxc4 Be7
43.g4 Kf7 44.e6+ Kf6 45.e5+ Kg7 46.Nd3 b6 47.c5 bxc5+ 48.Nxc5 Kf8 49.Nd7+ Ke8
50.Nb8  1-0

[Event "MTO"]
[Site "Biel SUI"]
[Date "2001.07.27"]
[Round "5"]
[White "Mikhalevski,V"]
[Black "Tukmakov,V"]
[Result "1-0"]
[WhiteElo "2501"]
[BlackElo "2604"]

1.d4 d5 2.c4 c6 3.Nf3 Nf6 4.Nc3 dxc4 5.a4 Bf5 6.Ne5 Nbd7 7.Nxc4 Nd5 8.Bg5 Qc7
9.f3 e5 10.e4 Nxc3 11.bxc3 Bg6 12.Be2 f6 13.Bh4 b5 14.axb5 cxb5 15.Nd2 b4
16.dxe5 bxc3 17.Nc4 c2 18.Qxc2 Bb4+ 19.Kf1 fxe5 20.Qa4 Be7 21.Bxe7 Kxe7 22.Qa3+ Kf6
23.Ne3 Bf7 24.Rc1 Qb6 25.Ng4+ Kg6 26.Rd1 Be6 27.Rd6 Qb1+ 28.Kf2 Qxh1 29.Rxe6+  1-0

[Event "MTO"]
[Site "Biel SUI"]
[Date "2001.07.30"]
[Round "7"]
[White "Kolly,J"]
[Black "Astengo,C"]
[Result "0-1"]
[WhiteElo "2226"]
[BlackElo "2103"]

1.d4 d5 2.c4 c6 3.Nf3 Nf6 4.Nc3 dxc4 5.a4 Bf5 6.e3 e6 7.Bxc4 Bb4 8.O-O O-O
9.Qe2 Bg6 10.Ne5 Nbd7 11.Nxg6 hxg6 12.Na2 Bd6 13.e4 e5 14.f4 exd4 15.e5 Bc5
16.Qd3 Nd5 17.b4 Be7 18.Bxd5 cxd5 19.Qxd4 a5 20.Be3 axb4 21.Nxb4 Bc5 22.Qd2 Qa5
23.Rfb1 Rfd8 24.Bxc5 Nxc5 25.Qc2 Ne4 26.h3 Qa7+ 27.Kh2 Qe3 28.Rf1 Nd2 29.Rfd1 Qxf4+
30.Kh1 Nf3 31.gxf3 Qxb4 32.e6 Qf4 33.exf7+ Qxf7 34.Ra3 Qf5 35.Qg2 Rac8 36.Rad3 Rc5
37.Rd4 Rc3 38.Rf1 Rf8 39.a5 Rxf3 40.Rxf3 Qxf3 41.Rxd5 Qe3 42.Rd1 Rf3 43.Qg4 Rxh3+
44.Kg2 Rh5 45.Qc4+ Kh7 46.Rd4 Qh3+ 47.Kf2 Rf5+ 48.Ke1 Qe3+ 49.Kd1 Qg1+ 50.Kc2 Rxa5
51.Rh4+ Rh5 52.Rxh5+ gxh5 53.Qe4+ Qg6  0-1

[Event "GM"]
[Site "Hasselbacken SWE"]
[Date "2001.08.01"]
[Round "5"]
[White "Ernst,T"]
[Black "Cramling,P"]
[Result "0-1"]
[WhiteElo "2435"]
[BlackElo "2510"]

1.d4 d5 2.c4 c6 3.Nf3 Nf6 4.Nc3 dxc4 5.a4 Bf5 6.Ne5 Na6 7.f3 Nd7 8.Nxd7 Bxd7
9.e4 e5 10.dxe5 Be6 11.Qxd8+ Rxd8 12.Be3 Bc5 13.Bxc5 Nxc5 14.Rd1 Ke7 15.Be2 a6
16.Kf2 b5 17.axb5 axb5 18.Na2 Rxd1 19.Rxd1 Ra8 20.Nb4 Bd7 21.Rd6 Nb7 22.Rd2 Ra4
23.Nc2 Nc5 24.Nd4 Rb4 25.Ke3 Na4 26.Nf5+ Bxf5 27.exf5 Rxb2 28.Rxb2 Nxb2 29.Kd2 Na4
30.f4 Nb6 31.Bf3 Kd7 32.Be4 b4 33.h4 c5 34.g4 Ke7 35.g5 f6 36.h5 h6 37.g6 Kf8
38.Kc2 Ke7 39.Bc6 Kf8 40.Kd2 c3+ 41.Kc2 Ke7 42.Be4 c4 43.Bc6 Kf8 44.Kb1 b3
45.Kc1 Ke7 46.Bb5 Nd5 47.Bxc4 b2+ 48.Kb1 Nxf4  0-1

[Event "Open"]
[Site "Korinthos GRE"]
[Date "2001.08.02"]
[Round "6"]
[White "Najer,E"]
[Black "Rychagov,A"]
[Result "1-0"]
[WhiteElo "2599"]
[BlackElo "2505"]

1.d4 d5 2.c4 c6 3.Nc3 Nf6 4.Nf3 dxc4 5.a4 Bf5 6.Ne5 Nbd7 7.Nxc4 Nd5 8.e3 e6
9.Be2 c5 10.O-O Be7 11.Bf3 cxd4 12.Nxd5 exd5 13.Bxd5 Nc5 14.Qf3 Be6 15.Bxe6 Nxe6
16.exd4 Nxd4 17.Qxb7 Rc8 18.Ne5 Rc7 19.Qe4 f5 20.Qd3 Bf6 21.Nf3 O-O 22.Nxd4 Qxd4
23.Qxf5 Qc4 24.Qa5 Bd4 25.Be3 Bxb2 26.Rab1 Bc3 27.Qb5 Qxb5 28.Rxb5 Rc4 29.Rc1 Rfc8
30.a5 a6 31.Rd5 Kf7 32.g3 Ke6 33.Rcd1 R8c6 34.Bb6 Bf6 35.Kg2 Rc2 36.Rd7 Be7
37.Ra7 Bc5 38.Bxc5 R2xc5 39.Rxg7  1-0

[Event "GM"]
[Site "Hasselbacken SWE"]
[Date "2001.08.03"]
[Round "7"]
[White "Cramling,P"]
[Black "Barkhagen,J"]
[Result "1-0"]
[WhiteElo "2510"]
[BlackElo "2456"]

1.d4 Nf6 2.Nf3 d5 3.c4 c6 4.Nc3 dxc4 5.a4 Bf5 6.Ne5 e6 7.f3 c5 8.e4 cxd4
9.exf5 Bb4 10.Bxc4 dxc3 11.Qxd8+ Kxd8 12.O-O cxb2 13.Bxb2 Ke7 14.Nd3 Rc8
15.Bb3 Na6 16.Nxb4 Nxb4 17.a5 Nfd5 18.Rfe1 Rc6 19.Re4 Kd8 20.Rd1 Kc7 21.fxe6 fxe6
22.Be5+ Kc8 23.Bxg7 b6 24.Bxd5 Nxd5 25.Rxd5 exd5 26.Re8+ Kb7 27.a6+ Kxa6
28.Rxa8 Rc7 29.Be5 Rd7 30.Kf2  1-0

[Event "Open"]
[Site "Korinthos GRE"]
[Date "2001.08.04"]
[Round "8"]
[White "Ovsejevitsch,S"]
[Black "Svetushkin,D"]
[Result "1-0"]
[WhiteElo "2529"]
[BlackElo "2461"]

1.d4 d5 2.c4 c6 3.Nf3 Nf6 4.Nc3 dxc4 5.a4 Bf5 6.e3 e6 7.Bxc4 Bb4 8.O-O O-O
9.Qe2 Bg6 10.Ne5 Nbd7 11.Nxg6 hxg6 12.Na2 Be7 13.Rd1 Qc7 14.Nc3 Rad8 15.e4 e5
16.d5 Nb6 17.Bb3 cxd5 18.exd5 a6 19.a5 Nbd7 20.Bg5 Bd6 21.h4 Rc8 22.Qf3 Nc5
23.Bc2 Nh7 24.Be3 Qe7 25.h5 e4 26.Bxe4 Ng5 27.Bxg5 Qxg5 28.hxg6 f5 29.Bc2 Rf6
30.Re1 Qxg6 31.Re2 Rcf8 32.Rae1 Qg5 33.Re8 Rxe8 34.Rxe8+ Kf7 35.Rh8 Nd7 36.Qh5+ Qxh5
37.Rxh5 Nc5 38.b4 Be5 39.bxc5 Bxc3 40.Rh8 Bxa5 41.Rb8 b5 42.Ra8 Ke7 43.d6+ Ke6
44.Bb3+ Ke5 45.Rxa6 Bd8 46.Ra8 Rf8 47.d7 Kf6 48.Rxd8  1-0

[Event "Open"]
[Site "Presov SVK"]
[Date "2001.08.11"]
[Round "1"]
[White "Vorovic,A"]
[Black "Hasangatin,R"]
[Result "0-1"]
[WhiteElo "2202"]
[BlackElo "2482"]

1.d4 d5 2.Nf3 Nf6 3.c4 c6 4.Nc3 dxc4 5.a4 Bf5 6.Ne5 Nbd7 7.Nxc4 Nd5 8.f3 e5
9.e4 Nxc3 10.bxc3 Be6 11.Be2 exd4 12.cxd4 Bxc4 13.Bxc4 Nb6 14.Ba2 Bb4+ 15.Kf1 O-O
16.Be3 Qe7 17.Qb3 Kh8 18.Rb1 c5 19.g4 cxd4 20.Bxd4 Bc5 21.Bxc5 Qxc5 22.Kg2 h5
23.Rhc1 Qg5 24.h4 Qd2+ 25.Kg3 hxg4 26.Rd1 Qa5 27.Qb5 Qc3 28.Qh5+ Kg8 29.Qxg4 Rad8
30.Qf5 Rd2 31.Rxd2 Qxd2 32.Bb3 Qd3 33.Rb2 Nd7 34.Bc2 Qc3 35.Rxb7 Nc5 36.Rb5 Ne6
37.e5 g6 38.Qd3 Qe1+ 39.Kh2 Qf2+ 40.Kh1 Nf4  0-1

[Event "ch-FRA Gp B"]
[Site "Marsailles FRA"]
[Date "2001.08.15"]
[Round "3"]
[White "Dorfman,J"]
[Black "Fressinet,L"]
[Result "1-0"]
[WhiteElo "2602"]
[BlackElo "2606"]

1.d4 d5 2.c4 c6 3.Nf3 Nf6 4.Nc3 dxc4 5.a4 Bf5 6.Ne5 e6 7.f3 Bb4 8.e4 Bxe4
9.fxe4 Nxe4 10.Bd2 Qxd4 11.Nxe4 Qxe4+ 12.Qe2 Bxd2+ 13.Kxd2 Qd5+ 14.Kc2 O-O
15.Qe3 f6 16.Nxc4 Na6 17.Be2 Qf5+ 18.Kb3 Nc5+ 19.Ka2 Nxa4 20.Rhd1 Rad8 21.Nd6 Qe5
22.Qxe5 fxe5 23.Bf3 Nc5 24.Rac1 e4 25.Nxe4 Nxe4 26.Bxe4 h6 27.Rf1 Rf6 28.Rcd1 Rxd1
29.Rxd1 g5 30.Bf3 Rf7 31.Kb3 Kg7 32.Bh5 Re7 33.Kc4 Kf6 34.Kc5 Rg7 35.Kd6 g4
36.Rf1+ Kg5 37.Bf7  1-0

[Event "TCh-ESP Div 2"]
[Site "Vila Real ESP"]
[Date "2001.08.15"]
[Round "3"]
[White "Olea Perez,M"]
[Black "Pros Heras,J"]
[Result "1-0"]
[WhiteElo "2263"]
[BlackElo "2125"]

1.d4 d5 2.Nf3 c6 3.c4 Nf6 4.Nc3 dxc4 5.a4 Bf5 6.e3 e6 7.Bxc4 Bb4 8.O-O Nbd7
9.Bd2 a5 10.h3 Bg6 11.Ne1 e5 12.Ne2 Bxd2 13.Qxd2 Ne4 14.Qd1 O-O 15.f4 Nd6
16.Bb3 exd4 17.g4 d3 18.Nxd3 Bxd3 19.Qxd3 Nc5 20.Qc2 Nde4 21.Rad1 Qb6 22.Ba2 Rae8
23.Rd4 Re7 24.f5 Rfe8 25.f6 Nxf6 26.Rxf6 gxf6 27.Bb1 Rxe3 28.Qxh7+ Kf8 29.Qh6+ Ke7
30.Qxe3+ Ne6 31.Rd7+  1-0

[Event "It"]
[Site "Kladovo YUG"]
[Date "2001.08.16"]
[Round "4"]
[White "Ruck,R"]
[Black "Ivanisevic,I"]
[Result "1-0"]
[WhiteElo "2573"]
[BlackElo "2550"]

1.d4 d5 2.c4 c6 3.Nf3 Nf6 4.Nc3 dxc4 5.a4 Bf5 6.Ne5 Na6 7.e3 Nb4 8.Bxc4 e6
9.O-O Be7 10.Qe2 h6 11.e4 Bh7 12.Rd1 O-O 13.Bf4 Re8 14.Rac1 Bf8 15.Qf3 Qe7
16.Bg3 Nd7 17.Ng4 Rad8 18.h3 Bg6 19.Ne2 f6 20.Bh4 Qf7 21.Nf4 Bh7 22.Qb3 Bxe4
23.Nxe6 b5 24.axb5 cxb5 25.Nxh6+ gxh6 26.Qg3+ Kh8 27.Nxd8 Qg7 28.Nf7+ Kh7
29.Bxb5 Qxf7 30.Bxd7 Re7 31.Bg4  1-0

[Event "7th Stage Russian Cup"]
[Site "Togliatty RUS"]
[Date "2001.08.16"]
[Round "9"]
[White "Tunik,G"]
[Black "Kovalevskaya,E"]
[Result "1/2-1/2"]
[WhiteElo "2451"]
[BlackElo "2507"]

1.d4 d5 2.c4 c6 3.Nf3 Nf6 4.Nc3 dxc4 5.a4 Bf5 6.Ne5 Nbd7 7.Nxc4 Nd5 8.g3 e5
9.dxe5 Nb4 10.e4 Be6 11.Be3 Bxc4 12.Bxc4 Nxe5 13.Qxd8+ Rxd8 14.Bb3 Bc5 15.Bxc5 Ned3+
16.Ke2 Nxc5 17.Bc4 Rd4 18.b3 Nxe4 19.Nxe4 Rxe4+ 20.Kf3 Re7 21.Rad1 Rd7 22.Rhe1+ Kd8
23.Rxd7+ Kxd7 24.Re5 f6 25.Rh5 Kd6 26.Rh4 Nd5 27.Re4 Rf8 28.Bd3 f5 29.Rd4 g6
30.Rh4 Rf7 31.Bc4 Re7 32.Rh6 Ke5 33.Ke2 Nf6 34.Rh4 Ng4 35.f3 Kf6+ 36.Kd2 Rd7+
37.Kc3 Ne5 38.Be2 c5 39.f4 Nc6 40.Bb5 h5 41.Kc4 Rd1 42.Kxc5 Nd4 43.Bc4 b6+
44.Kb4 Rc1 45.Rh3 a5+ 46.Ka3 Rc3 47.Kb2 Re3 48.Bd5 Ne6 49.Rh4 Nc5 50.Kc2 Ne4
51.Bc4 Rf3 52.Bd5 Rf2+ 53.Kc1 Nc5 54.Bc4 Ne6 55.Rh3 Nd4 56.Rh4 Nf3 57.Rh3 Nxh2
58.Bd5 Nf1 59.Bb7 Ne3 60.Ba6 Rc2+ 61.Kb1 Rg2 62.Kc1 Ke7 63.Bb5 Ng4 64.Bc6 Rg1+
65.Kd2 Kd6 66.Be8 Nf2 67.Rh2 Ne4+ 68.Kd3 Rxg3+ 69.Kd4 Nc5 70.Kc4 Rxb3 71.Rd2+ Ke7
72.Bxg6 Rb4+ 73.Kd5 Rxf4 74.Ke5 Rxa4 75.Bxf5 Ra1 76.Rh2 Re1+ 77.Kd5 Kf6 78.Bc2 Re5+
79.Kc6 Ne6 80.Kxb6 Nd4 81.Bd1 a4  1/2-1/2

[Event "7th Stage Russian Cup"]
[Site "Togliatty RUS"]
[Date "2001.08.16"]
[Round "9"]
[White "Grebionkin,Vl"]
[Black "Popov,Val"]
[Result "0-1"]
[WhiteElo "2465"]
[BlackElo "2559"]

1.Nf3 d5 2.d4 c6 3.c4 Nf6 4.Nc3 dxc4 5.a4 Bf5 6.Ne5 e6 7.f3 Bb4 8.e4 Bxe4
9.fxe4 Nxe4 10.Bd2 Qxd4 11.Nxe4 Qxe4+ 12.Qe2 Bxd2+ 13.Kxd2 Qd5+ 14.Kc2 Na6
15.Nxc4 O-O 16.Qe5 Rab8 17.a5 f6 18.Qxd5 cxd5 19.Nd6 Nb4+ 20.Kb3 Nc6 21.Ka4 Rfd8
22.Nb5 Kf7 23.Rc1 Rbc8 24.Be2 a6 25.Nc3 Nd4 26.Rhd1 e5 27.Bf1 Ke6 28.Rxd4 exd4
29.Re1+ Kf7 30.Ne2 d3 31.Nc3 d4 32.Na2 Rc2 33.Nb4 Rxb2 34.Bxd3 Kf8 35.Be4 Re8
36.Nd3 Rb5 37.Bxh7 Rxe1 38.Nxe1 f5 39.Nf3 d3 40.Bg6 Ke7 41.g4 fxg4 42.Nd2 Rb2
43.Nc4 Rxh2 44.Bxd3 g3  0-1

[Event "TCh-ESP Div 2"]
[Site "Vila Real ESP"]
[Date "2001.08.16"]
[Round "4"]
[White "Corral Blanco,J"]
[Black "Elguezabal Varela,D"]
[Result "1/2-1/2"]
[WhiteElo "2465"]
[BlackElo "2383"]

1.d4 d5 2.c4 c6 3.Nf3 Nf6 4.Nc3 dxc4 5.a4 Bf5 6.Ne5 Nbd7 7.Nxc4 Nb6 8.e3 e6
9.a5 Nxc4 10.Bxc4 Be7 11.f3 O-O 12.e4 Bg6 13.Be3 b5 14.axb6 axb6 15.O-O Rxa1
16.Qxa1 c5 17.dxc5 Bxc5 18.Bxc5 bxc5 19.Rd1 Qc7 20.Qc1 Rd8 21.Rxd8+ Qxd8
22.Qe3 Qa5 23.Qd3 h6 24.Qd1 Qc7 25.Qd2 Qa5 26.g3 Qb4 27.Bb5 Qa5 28.Kg2 Qb4
29.h3 Qa5 30.h4 h5  1/2-1/2

[Event "Rubinstein Open"]
[Site "Polanica Zdroj POL"]
[Date "2001.08.20"]
[Round "5"]
[White "Staniszewski,Pi"]
[Black "Averjanov,A"]
[Result "1/2-1/2"]
[WhiteElo "2451"]
[BlackElo "2338"]

1.d4 Nf6 2.Nf3 d5 3.c4 c6 4.Nc3 dxc4 5.a4 Bf5 6.Ne5 Nbd7 7.Nxc4 Qc7 8.g3 e5
9.dxe5 Nxe5 10.Bf4 Nfd7 11.Bg2 f6 12.O-O Nc5 13.e4 Bg6 14.Qg4 Bf7 15.Nxe5 fxe5
16.Be3 Be6 17.Qe2 Be7 18.Bh3 Bf7 19.Rad1 O-O 20.Bxc5 Bxc5 21.Rd7 Qb6 22.Rxf7 Rxf7
23.Be6 Rf8 24.Kg2 g6  1/2-1/2

[Event "It"]
[Site "Kladovo YUG"]
[Date "2001.08.22"]
[Round "10"]
[White "Crisan,A"]
[Black "Ivanisevic,I"]
[Result "1/2-1/2"]
[WhiteElo "2635"]
[BlackElo "2550"]

1.d4 d5 2.c4 c6 3.Nf3 Nf6 4.Nc3 dxc4 5.a4 Bf5 6.e3 e6 7.Bxc4 Bb4 8.O-O Nbd7
9.Nh4 Bg4 10.Qb3 a5 11.Na2 Be7 12.Qxb7 Rb8 13.Qa6 Ra8 14.Qxc6 Rc8 15.Qb5 Rb8
16.Qa6 Ra8 17.Qc6  1/2-1/2

[Event "Rubinstein Open"]
[Site "Polanica Zdroj POL"]
[Date "2001.08.22"]
[Round "7"]
[White "Slaby,J"]
[Black "Balcerak,J"]
[Result "0-1"]
[WhiteElo "2258"]
[BlackElo "2415"]

1.d4 d5 2.c4 c6 3.Nf3 Nf6 4.Nc3 dxc4 5.a4 Bf5 6.Ne5 Nbd7 7.Nxc4 Qc7 8.g3 e5
9.dxe5 Nxe5 10.Bf4 Nfd7 11.Bg2 g5 12.Nxe5 Nxe5 13.Bxe5 Qxe5 14.O-O h5 15.a5 a6
16.Ra4 h4 17.Ne4 hxg3 18.fxg3 Bc5+ 19.Nxc5 Qxc5+ 20.Qd4 Qxd4+ 21.Rxd4 Be6
22.Rb4 O-O-O 23.h4 gxh4 24.gxh4 Rh5 25.Ra1 Bd5 26.Bh3+ Kc7 27.Kh2 Re8 28.Bf1 Be4
29.Bg2 f5 30.Raa4 Rxh4+  0-1

[Event "Rubinstein Open"]
[Site "Polanica Zdroj POL"]
[Date "2001.08.24"]
[Round "9"]
[White "Szymczak,Z"]
[Black "Balcerak,P"]
[Result "1/2-1/2"]
[WhiteElo "2298"]
[BlackElo "2170"]

1.d4 d5 2.c4 c6 3.Nc3 Nf6 4.Nf3 dxc4 5.a4 Bf5 6.e3 e6 7.Bxc4 Bb4 8.O-O Nbd7
9.Qe2 O-O 10.Rd1 Qa5 11.e4 Bg6 12.e5 Nd5 13.Nxd5 cxd5 14.Bb5 Nb8 15.Bd3 Qd8
16.Bxg6 fxg6 17.Qb5 Qb6 18.Qxb6 axb6 19.Ng5 Re8 20.Be3 Nc6  1/2-1/2

[Event "IV Pyramiden-Franken"]
[Site "Fuerth GER"]
[Date "2001.08.25"]
[Round "8"]
[White "Doettling,F"]
[Black "Naumann,A"]
[Result "1/2-1/2"]
[WhiteElo "2518"]
[BlackElo "2480"]

1.d4 d5 2.c4 c6 3.Nf3 Nf6 4.Nc3 dxc4 5.a4 Bf5 6.Ne5 Nbd7 7.Nxc4 Qc7 8.g3 e5
9.dxe5 Nxe5 10.Bf4 Nfd7 11.Bg2 g5 12.Ne3 gxf4 13.Nxf5 O-O-O 14.Qc2 Bb4 15.gxf4 Nc4
16.Qb3 Bxc3+ 17.Qxc3 Qxf4 18.Ne7+ Kc7 19.b3 Qe5 20.Qxe5+ Ncxe5  1/2-1/2

[Event "Caissa IM"]
[Site "Miercurea Ciuc ROM"]
[Date "2001.08.25"]
[Round "6"]
[White "Bromberger,S"]
[Black "Murariu,A"]
[Result "1-0"]
[WhiteElo "2353"]
[BlackElo "2287"]

1.d4 d5 2.c4 c6 3.Nc3 Nf6 4.Nf3 dxc4 5.a4 Bf5 6.Ne5 e6 7.f3 Bb4 8.e4 Bxe4
9.fxe4 Nxe4 10.Bd2 Qxd4 11.Nxe4 Qxe4+ 12.Qe2 Bxd2+ 13.Kxd2 Qd5+ 14.Kc2 Na6
15.Nxc4 O-O-O 16.Qe3 Qf5+ 17.Kc3 Nc5 18.Be2 b6 19.Rhf1 Qg6 20.Ne5 Qe4 21.Qxe4 Nxe4+
22.Kb4 f6 23.Nxc6 Rd2 24.Bf3 a5+ 25.Ka3 Rd3+ 26.Ka2 Nc5 27.Rfd1 Rxd1 28.Rxd1 e5
29.Nxa5 Nxa4 30.Rc1+ Kd7 31.Bc6+ Ke6 32.Nc4 Nc5 33.Nxb6 Kd6 34.Bb5 e4 35.Rd1+ Kc7
36.Nd5+ Kb7 37.Rc1 Ne6 38.Rc6 Ra8+ 39.Kb1 Nd4 40.Rc7+ Kb8 41.Bc4 Ra5 42.Rxg7 Nf5
43.Rg8+ Kb7 44.Re8 Kc6 45.Rxe4 Nd6 46.Nb4+  1-0

[Event "ADCF Masters"]
[Site "Abu Dhabi UAE"]
[Date "2001.08.28"]
[Round "4"]
[White "Maherramzade,J"]
[Black "Safin,S"]
[Result "1/2-1/2"]
[WhiteElo "2476"]
[BlackElo "2529"]

1.d4 d5 2.Nf3 Nf6 3.c4 c6 4.Nc3 dxc4 5.a4 Bf5 6.e3 e6 7.Bxc4 Bb4 8.O-O Nbd7
9.Qe2 Bg6 10.e4 O-O 11.Bd3 h6 12.Rd1 Re8 13.e5 Bxd3 14.Rxd3 Nd5 15.Qe4 Nf8
16.Qg4 Ng6 17.h4 h5 18.Qg3 Be7 19.Ng5 Nxc3 20.bxc3 Bxg5 21.Bxg5 Qd5 22.Qe3 c5
23.Qe2 cxd4 24.cxd4 Rac8 25.Rad1 Rc4 26.Qxh5 Rxa4 27.Qe2 Ra2 28.Qg4 Ra4 29.Qe2 Ne7
30.Bxe7 Rxe7 31.h5 Rc7 32.Qe3 Kf8 33.Qg5 Rac4 34.h6 gxh6 35.Qxh6+ Ke8 36.Rf3 Rxd4
37.Qh8+ Ke7 38.Qf6+ Ke8 39.Qh8+ Ke7 40.Rxd4 Qxd4 41.Qf6+ Ke8  1/2-1/2

[Event "9th Asian Women"]
[Site "Chennai IND"]
[Date "2001.09.03"]
[Round "1"]
[White "Mohota,N"]
[Black "Wang Yu"]
[Result "1-0"]
[WhiteElo "2236"]
[BlackElo "2382"]

1.d4 d5 2.c4 c6 3.Nf3 Nf6 4.Nc3 dxc4 5.a4 Bf5 6.Ne5 Nbd7 7.Nxc4 Nd5 8.Nxd5 cxd5
9.Ne3 Bg6 10.Nxd5 Qa5+ 11.Nc3 e5 12.e3 exd4 13.exd4 Bb4 14.Bb5 Bxc3+ 15.bxc3 Qxc3+
16.Bd2 Qxd4 17.Qe2+ Qe4 18.Be3 Bf5 19.Rd1 a6 20.Bd3 Qe6 21.Bc4 Qe7 22.O-O O-O
23.Qb2 Be4 24.Bd4 Qg5 25.f4 Qg6 26.f5 Bxf5 27.Qxb7 Be4 28.Qb2 Rac8 29.Rc1 Rc6
30.a5 h5 31.Qf2 Nf6 32.Be2 Rxc1 33.Rxc1 Ng4 34.Qg3 Re8 35.h3 Nh6 36.Qxg6 Bxg6
37.Bxa6 Nf5 38.Bf2 Ra8 39.Rc8+ Rxc8 40.Bxc8 Nd6 41.Ba6 Be4 42.Bc5 Nb7 43.Bb4 Nd8
44.Be2 Nc6 45.Bc3 g6 46.a6 Kf8 47.Bf3 Bxf3 48.gxf3 Ke7 49.Bd4 g5 50.a7 Nxa7
51.Bxa7 f5 52.Bb8 Ke6 53.Kf2 Kf6 54.Ke3 Kg6 55.f4 g4 56.h4  1-0

[Event "TCh-YUG Women's Cup"]
[Site "Herceg Novi YUG"]
[Date "2001.09.04"]
[Round "2"]
[White "Maric,A"]
[Black "Benderac,A"]
[Result "1/2-1/2"]
[WhiteElo "2457"]
[BlackElo "2276"]

1.Nf3 d5 2.d4 Nf6 3.c4 c6 4.Nc3 dxc4 5.a4 Bf5 6.e3 e6 7.Bxc4 Bb4 8.O-O O-O
9.Nh4 Nbd7 10.h3 Bg6 11.Nxg6 hxg6 12.Qc2 Qe7 13.Rd1 Nb6 14.Bb3 c5 15.a5 cxd4
16.Rxd4 Nbd7 17.Bd2 Rac8 18.Be1 e5 19.Rc4 Rxc4 20.Bxc4 Qc5 21.Qb3 Bxa5 22.Ne4 Nxe4
23.Rxa5 Qc7 24.Rxa7 Nb6 25.Bf1 Qc1 26.Qb4 Qb1 27.f3 Nd5 28.Qxe4 Qxe1 29.Ra3 Nf6
30.Qxe5 Rc8 31.Qa5 Qb1 32.Rc3 Re8 33.Qb5 Rd8 34.Rd3 Rxd3 35.Qxd3 Qxb2 36.Qd8+ Kh7
37.Qe7 Qb3 38.Qe5 Nd5 39.Qd4 b5  1/2-1/2

[Event "III Sants Hostafrancs Open"]
[Site "Barcelona ESP"]
[Date "2001.09.07"]
[Round "7"]
[White "Arkell,K"]
[Black "Gual Pascual,A"]
[Result "1-0"]
[WhiteElo "2431"]
[BlackElo "2400"]

1.d4 d5 2.c4 c6 3.Nf3 Nf6 4.Nc3 dxc4 5.a4 Bf5 6.Nh4 e6 7.Nxf5 exf5 8.e3 Bb4
9.Bxc4 O-O 10.O-O Nbd7 11.Qc2 g6 12.b3 Nb6 13.Be2 a5 14.Bb2 Re8 15.Rfd1 Nbd5
16.Nxd5 Nxd5 17.Bf3 Qd7 18.g3 Rad8 19.Ba3 Nc3 20.Rd3 Bxa3 21.Rxa3 Qe7 22.Ra1 Ne4
23.Rc1 h5 24.Bxe4 Qxe4 25.Rc3 Rd5 26.Qxe4 fxe4 27.Rc4 Ra8 28.b4 Ra6 29.bxa5 Rdxa5
30.Rb4 Ra7 31.Rcb1 Rf5 32.Rxb7 Rxa4 33.Re7 c5 34.Rxe4 cxd4 35.Rxd4 Ra2 36.Rf4 Rxf4
37.gxf4 Kg7 38.Rb5 Rc2 39.Kg2 Ra2 40.e4 Re2 41.Kf3 Ra2 42.f5 gxf5 43.Rxf5 Kg6
44.Kg3 Re2 45.f3 f6 46.h3 Re1 47.Ra5 Re2 48.Ra7 Rb2 49.Ra6 Re2 50.Kf4  1-0